01480cam a2200313 i 450000100090000000300060000900500170001500800410003202000180007303500130009104000280010408200230013210000310015524501090018626400410029530000230033633600260035933700280038533800270041350502210044061000320066165000880069365000850078165000600086665000570092665000170098365000320100077601340103219798993GBCCL20251202122607.0170719s2017 ilu 000 0 eng  a9780802418029 a19798993 aDLCbengcDLCerdadDLC00a234.709223bBUS 11 aBusenitz, Nathan,eauthor.10aLong before Luther :btracing the heart of the Gospel from Christ to the Reformation /cNathan Busenitz. 1aChicago :bMoody Publishers,c[2017] a242 pages ;c21 cm atextbtxt2rdacontent aunmediatedbn2rdamedia avolumebnc2rdacarrier0 aIntroducing the debate -- The reformers and justification -- The church before Augustine -- Augustine and justification -- The church after Augustine -- Tracing the heart of the Gospel from Christ to the Reformation.20aCatholic ChurchxDoctrines. 0aJustification (Christian theology)xHistory of doctrinesyEarly church, ca. 30-600. 0aJustification (Christian theology)xHistory of doctrinesyMiddle Ages, 600-1500. 0aTheology, DoctrinalxHistoryyEarly church, ca. 30-600. 0aTheology, DoctrinalxHistoryyMiddle Ages, 600-1500. 0aReformation. 0aReformed ChurchxDoctrines.08iOnline version:aBusenitz, Nathan, author.tLong before LutherdChicago : Moody Publishers, 2017z9780802496355w(DLC) 2017035114